<?xml version="1.0" encoding="UTF-8"?>
<record
    xmlns:xsi="http://www.w3.org/2001/XMLSchema-instance"
    xsi:schemaLocation="http://www.loc.gov/MARC21/slim http://www.loc.gov/standards/marcxml/schema/MARC21slim.xsd"
    xmlns="http://www.loc.gov/MARC21/slim">

  <leader>01048nmm a22002777a 4500</leader>
  <controlfield tag="005">20140422020003.0</controlfield>
  <controlfield tag="008">131126b2011    ck ||||| |||| 00| 0 spa d</controlfield>
  <datafield tag="041" ind1=" " ind2=" ">
    <subfield code="a">spa</subfield>
  </datafield>
  <datafield tag="044" ind1=" " ind2=" ">
    <subfield code="a">ck</subfield>
  </datafield>
  <datafield tag="090" ind1=" " ind2=" ">
    <subfield code="a">LB</subfield>
    <subfield code="b">05780</subfield>
  </datafield>
  <datafield tag="110" ind1=" " ind2=" ">
    <subfield code="a">Ministerio de Ambiente, Vivienda y desarrollo territoorial</subfield>
    <subfield code="9">22986</subfield>
  </datafield>
  <datafield tag="245" ind1=" " ind2=" ">
    <subfield code="a">Sombra para la tierra :</subfield>
    <subfield code="b">Proyecto capacidad t&#xE9;cnica para apoyar REDD en Colombia</subfield>
  </datafield>
  <datafield tag="260" ind1=" " ind2=" ">
    <subfield code="a">Bogot&#xE1;</subfield>
    <subfield code="b">IDEAM</subfield>
    <subfield code="b">Gordon and betty MOORE fundation</subfield>
    <subfield code="b">Fundaci&#xF3;n NATURA Colombia</subfield>
    <subfield code="c">2011</subfield>
  </datafield>
  <datafield tag="300" ind1=" " ind2=" ">
    <subfield code="a">3 cd.</subfield>
    <subfield code="c">13 cm</subfield>
  </datafield>
  <datafield tag="650" ind1=" " ind2=" ">
    <subfield code="a">reservas </subfield>
    <subfield code="v">Forestal</subfield>
    <subfield code="z">Colombia</subfield>
    <subfield code="9">22987</subfield>
  </datafield>
  <datafield tag="650" ind1=" " ind2=" ">
    <subfield code="a">Carbono </subfield>
    <subfield code="v">Colombia</subfield>
    <subfield code="z">Colombia</subfield>
    <subfield code="9">22988</subfield>
  </datafield>
  <datafield tag="650" ind1=" " ind2=" ">
    <subfield code="a">Madera muerta :</subfield>
    <subfield code="v">Bosques naturales </subfield>
    <subfield code="z">Colombia </subfield>
    <subfield code="9">22989</subfield>
  </datafield>
  <datafield tag="650" ind1=" " ind2=" ">
    <subfield code="a"> Bosques</subfield>
    <subfield code="9">22990</subfield>
  </datafield>
  <datafield tag="650" ind1=" " ind2=" ">
    <subfield code="a">Protocolo </subfield>
    <subfield code="9">22991</subfield>
  </datafield>
  <datafield tag="650" ind1=" " ind2=" ">
    <subfield code="a">Cuantificaci&#xF3;n </subfield>
    <subfield code="v">Deforestaci&#xF3;n</subfield>
    <subfield code="z">Colombia</subfield>
    <subfield code="9">22992</subfield>
  </datafield>
  <datafield tag="650" ind1=" " ind2=" ">
    <subfield code="a">Procesamiento digital </subfield>
    <subfield code="v">Im&#xE1;genes</subfield>
    <subfield code="x">Forestaci&#xF3;n</subfield>
    <subfield code="9">22993</subfield>
  </datafield>
  <datafield tag="710" ind1=" " ind2=" ">
    <subfield code="a">IDEAM</subfield>
    <subfield code="9">1570</subfield>
  </datafield>
  <datafield tag="710" ind1=" " ind2=" ">
    <subfield code="a">GORDON AND BETTY MOORE FOUNDATION</subfield>
    <subfield code="9">2984</subfield>
  </datafield>
  <datafield tag="710" ind1=" " ind2=" ">
    <subfield code="a">Fundaci&#xF3;n NATURA Colombia</subfield>
    <subfield code="9">2985</subfield>
  </datafield>
  <datafield tag="942" ind1=" " ind2=" ">
    <subfield code="2">z</subfield>
    <subfield code="c">CD-ROM</subfield>
    <subfield code="0">3</subfield>
  </datafield>
  <datafield tag="999" ind1=" " ind2=" ">
    <subfield code="c">7920</subfield>
    <subfield code="d">7920</subfield>
  </datafield>
  <datafield tag="952" ind1=" " ind2=" ">
    <subfield code="0">0</subfield>
    <subfield code="1">0</subfield>
    <subfield code="2">z</subfield>
    <subfield code="4">0</subfield>
    <subfield code="7">0</subfield>
    <subfield code="8">MEDIOSM</subfield>
    <subfield code="a">Bogota</subfield>
    <subfield code="b">Bogota</subfield>
    <subfield code="d">2013-11-26</subfield>
    <subfield code="l">1</subfield>
    <subfield code="o">LB-05780</subfield>
    <subfield code="p">058824</subfield>
    <subfield code="r">2014-04-21 00:00:00</subfield>
    <subfield code="s">2014-04-21</subfield>
    <subfield code="t">V. 1 Ej. 1</subfield>
    <subfield code="w">2013-11-26</subfield>
    <subfield code="x">Original</subfield>
    <subfield code="y">CD-ROM</subfield>
    <subfield code="z">Selecci&#xF3;n y validaci&#xF3;n de modelos para la estimac&#xED;on de la biomasa a&#xE9;rea en los bosques naturales de Colombia
Estimaci&#xF3;n de las reservas actuales de carbono almacenadas en la biomasa a&#xE9;rea en bosques naturales de Colombia.
Madera muerta : -- Un reservorio de carbono en bosques naturales de Colombia.
Protocolo para la estimaci&#xF3;n nacional y subnacional de biomasa- carbono en Colombia</subfield>
  </datafield>
  <datafield tag="952" ind1=" " ind2=" ">
    <subfield code="0">0</subfield>
    <subfield code="1">0</subfield>
    <subfield code="2">z</subfield>
    <subfield code="4">0</subfield>
    <subfield code="7">0</subfield>
    <subfield code="8">MEDIOSM</subfield>
    <subfield code="a">Bogota</subfield>
    <subfield code="b">Bogota</subfield>
    <subfield code="d">2013-11-26</subfield>
    <subfield code="l">1</subfield>
    <subfield code="o">LB-05780</subfield>
    <subfield code="p">058825</subfield>
    <subfield code="r">2014-04-21 00:00:00</subfield>
    <subfield code="s">2014-04-21</subfield>
    <subfield code="t">V. 2 Ej. 1</subfield>
    <subfield code="w">2013-11-26</subfield>
    <subfield code="x">Original</subfield>
    <subfield code="y">CD-ROM</subfield>
    <subfield code="z">Cuantificaci&#xF3;n de la deforestaci&#xF3;n para colombia
Protocolo nacional y subnacional de procesamiento digital de im&#xE1;genes para monitorear deforestaci&#xF3;n</subfield>
  </datafield>
  <datafield tag="952" ind1=" " ind2=" ">
    <subfield code="0">0</subfield>
    <subfield code="1">0</subfield>
    <subfield code="2">z</subfield>
    <subfield code="4">0</subfield>
    <subfield code="7">0</subfield>
    <subfield code="8">MEDIOSM</subfield>
    <subfield code="a">Bogota</subfield>
    <subfield code="b">Bogota</subfield>
    <subfield code="d">2013-11-26</subfield>
    <subfield code="l">1</subfield>
    <subfield code="o">LB-05780</subfield>
    <subfield code="p">058826</subfield>
    <subfield code="r">2014-04-21 00:00:00</subfield>
    <subfield code="s">2014-04-21</subfield>
    <subfield code="t">V. 3 Ej. 1</subfield>
    <subfield code="w">2013-11-26</subfield>
    <subfield code="x">Original</subfield>
    <subfield code="y">CD-ROM</subfield>
    <subfield code="z">Anexos cartogr&#xE1;ficos</subfield>
  </datafield>
</record>
